000 00818cam a2200241 i 4500
001 882506
005 20250217105042.0
008 800825s1981 nyua 001 0 eng
020 _a0070614717
050 0 0 _aHF5736
_b.K283 1981
082 0 0 _a651.5
_219
245 0 0 _aFiling systems and records management /
_cJeffrey R. Stewart, Jr. ... [et al.].
250 _a3d ed.
260 _aNew York :
_bGregg Division, McGraw-Hill,
_cc1981.
300 _aix, 214 p. :
_bill. ;
_c24 cm.
500 _aSecond ed. (1971) by G. Kahn, T. Yerian, and J. R. Stewart, Jr.
500 _aIncludes index.
650 0 _aFiling systems.
650 0 _aBusiness records
_xManagement.
700 1 _aStewart, Jeffrey Robert,
_d1932-
700 1 _aKahn, Gilbert,
_d1912-1971.
_tFiling systems and records management.
942 _2lcc
_cBK
_n0
999 _c3899
_d3899